00237nam a2200097Ia 4500008004100000100001300041245002600054260003700080300000900117650001300126190216s9999||||xx |||||||||||||| ||und|| aMcaltine 0aProcess Of Management bNew Central Book Agenciesc1978 a166p aCommerce